[Event "Santiago de los Caballeros op"]
[Site "Santiago de los Caballeros"]
[Date "2015.11.09"]
[Round "5"]
[White "Gonzalez, Ricardo"]
[Black "Gonzalez Alejo, Wily Gilberto"]
[Result "0-1"]
[WhiteElo "1814"]
[BlackElo "1848"]
[PlyCount "90"]
[EventDate "2015.11.06"]
[EventType "swiss"]
[EventRounds "6"]
[EventCountry "DOM"]
[SourceTitle "CBM 169 Extra"]
[Source "ChessBase"]
[SourceDate "2015.12.18"]
[SourceVersion "1"]
[SourceVersionDate "2015.12.18"]
[SourceQuality "1"]

1. e4 c6 2. d4 d5 3. Nc3 dxe4 4. Nxe4 Na6 5. Nf3 Bg4 6. Bc4 e6 7. c3 Nc7 8. h3 Bh5 9. Ng3 Bg6 10. Ne5 Bd6 11. Qe2 Ne7 12. 0-0 Ncd5 13. a4 Qc7 14. a5 0-0 15. f4 Bxe5 16. fxe5 c5 17. Bd2 cxd4 18. cxd4 Rac8 19. Rac1 Qd8 20. Bd3 Rxc1 21. Rxc1 Nc6 22. Bxg6 hxg6 23. Qd3 Nxa5 24. b4 Nc6 25. b5 Ncb4 26. Qc4 a5 27. bxa6 Nxa6 28. Ne4 Qb6 29. Kh1 Nb8 30. Nc5 Rc8 31. Qd3 Qc6 32. Ne4 Qd7 33. Nc5 Qe7 34. Qb5 b6 35. Ne4 Rxc1+ 36. Bxc1 Qd7 37. Qxd7 Nxd7 38. g3 Nb8 39. Kg2 Nc6 40. Bb2 Ne3+ 41. Kf3 Nc2 42. Nd6 N2xd4+ 43. Bxd4 Nxd4+ 44. Ke4 Nf5 45. Nxf5 gxf5+ 0-1